Tribhuvan University Central Library

Implications of regional trade arrangements for agricultural trade (Record no. 17488)

MARC details
000 -LEADER
fixed length control field 007000000a22002530004500
082 ## - DEWEY DECIMAL CLASSIFICATION NUMBER
Classification number 338.1
Item number J782i
-- UN
020 ## - INTERNATIONAL STANDARD BOOK NUMBER
International Standard Book Number 92-5-103786-8
041 ## - LANGUAGE CODE
Language code of text/sound track or separate title Eng
100 ## - MAIN ENTRY--PERSONAL NAME
Personal name Josling, Tim
245 ## - TITLE STATEMENT
Title Implications of regional trade arrangements for agricultural trade
260 ## - PUBLICATION, DISTRIBUTION, ETC. (IMPRINT)
Place of publication, distribution, etc Rome
Name of publisher, distributor, etc Food and Agriculture Organization, IT
260 ## - PUBLICATION, DISTRIBUTION, ETC. (IMPRINT)
Date of publication, distribution, etc 1997
300 ## - PHYSICAL DESCRIPTION
Extent xiv, 167p.
440 ## - SERIES STATEMENT/ADDED ENTRY--TITLE
Title FAO economic and social development paper
-- 133
500 ## - GENERAL NOTE
General note Bibliography: p.121-122
518 ## - DATE/TIME AND PLACE OF AN EVENT NOTE
Date/time and place of an event note 990331
530 ## - ADDITIONAL PHYSICAL FORM AVAILABLE NOTE
Additional physical form available note M
650 ## - SUBJECT ADDED ENTRY--TOPICAL TERM
Topical term or geographic name as entry element Agricultural trade
650 ## - SUBJECT ADDED ENTRY--TOPICAL TERM
Topical term or geographic name as entry element Trade unions
650 ## - SUBJECT ADDED ENTRY--TOPICAL TERM
Topical term or geographic name as entry element Agricultural policy
650 ## - SUBJECT ADDED ENTRY--TOPICAL TERM
Topical term or geographic name as entry element Agricultural production
650 ## - SUBJECT ADDED ENTRY--TOPICAL TERM
Topical term or geographic name as entry element Economic development
942 ## - ADDED ENTRY ELEMENTS (KOHA)
Koha item type General Collections
Holdings
Withdrawn status Lost status Damaged status Not for loan Home library Current library Date acquired Total Checkouts Barcode Date last seen Price effective from
        Tribhuvan University Central Library Tribhuvan University Central Library 06/20/2010   UN16145 06/20/2010 06/20/2010